Von Juwelen und Frauen /
محفوظ في:
المؤلف الرئيسي:
التنسيق: كتاب
اللغة: German
منشور في:
Zürich :
Verlag Mensch und Arbeit,
1956.
الموضوعات:
الوسوم: إضافة وسم
لا توجد وسوم, كن أول من يضع وسما على هذه التسجيلة!
رقم الطلب: D10 .A56 1956
| LEADER | 00691namaa2200229 4500 | ||
|---|---|---|---|
| 001 | 21036 | ||
| 003 | OSt | ||
| 005 | 20251118090321.0 | ||
| 008 | 130303s1956 sz 000 0 ger d | ||
| 040 | |c ARCE Library | ||
| 050 | 4 | |a D10 .A56 1956 | |
| 100 | 1 | |a Allemann, Walter, |e author |9 25191 | |
| 245 | 1 | 0 | |a Von Juwelen und Frauen / |c Walter Allemann. |
| 264 | 1 | |a Zürich : |b Verlag Mensch und Arbeit, |c 1956. | |
| 300 | |a 149 pages, [23] leaves of plates : |b illustrations (some color), portraits ; |c 26 cm. | ||
| 504 | |a Bibliography : page [152]. | ||
| 650 | 0 | |a History |v Miscellanea. | |
| 650 | 0 | |a Jewelry. | |
| 650 | 0 | |a Jewelry |x History. | |
| 901 | |a reviewed | ||
| 942 | |c BK |2 lcc | ||
| 999 | |c 18288 |d 18288 | ||
